River basin commissions and other institutions for transboundary water cooperation: capacity for water cooperation in Eastern Europe, Caucasus and Central Asia (Record no. 56590)

MARC details
000 -LEADER
fixed length control field 01176nam a2200265 a 4500
003 - CONTROL NUMBER IDENTIFIER
control field CBULib
005 - DATE AND TIME OF LATEST TRANSACTION
control field 20240517130536.0
008 - FIXED-LENGTH DATA ELEMENTS--GENERAL INFORMATION
fixed length control field 100708s2009 ||||||||||||||||| || u
020 ## - INTERNATIONAL STANDARD BOOK NUMBER
International Standard Book Number 9789211170122
040 ## - CATALOGING SOURCE
Original cataloging agency CBULib
Language of cataloging English
Transcribing agency CBULib
Modifying agency CBULib
Description conventions rda
050 ## - LIBRARY OF CONGRESS CALL NUMBER
Classification number UN-ECE(02)2009/12
110 ## - MAIN ENTRY--CORPORATE NAME
Corporate name or jurisdiction name as entry element United Nations Economic Commission for Europe (UNECE)
245 10 - TITLE STATEMENT
Title River basin commissions and other institutions for transboundary water cooperation: capacity for water cooperation in Eastern Europe, Caucasus and Central Asia
Statement of responsibility, etc by United Nations Economic Commission for Europe [UN-ECE]
260 ## - PUBLICATION, DISTRIBUTION, ETC. (IMPRINT)
Place of publication, distribution, etc Geneva:
Name of publisher, distributor, etc United Nations Economic Commission for Europe (UNECE)
Date of publication, distribution, etc 2009
300 ## - PHYSICAL DESCRIPTION
Extent x, 50pages.: illustartions
336 ## - CONTENT TYPE
Source rdacontent
Content type term Text |
337 ## - MEDIA TYPE
Source rdamedia
Media type term Unmediated |
338 ## - CARRIER TYPE
Source rdacarrier
Carrier type term Volume
Carrier type code nc
490 ## - SERIES STATEMENT
Series statement Convention on the Protection and Use of Transboundary Watercourses and International Lakes
650 ## - SUBJECT ADDED ENTRY--TOPICAL TERM
Topical term or geographic name as entry element RIVER BASIN COMMISSIONS
650 ## - SUBJECT ADDED ENTRY--TOPICAL TERM
Topical term or geographic name as entry element WATER RESOURCES DEVELOPMENT--ASIA, CENTRAL
650 ## - SUBJECT ADDED ENTRY--TOPICAL TERM
Topical term or geographic name as entry element WATER RESOURCES DEVELOPMENT--EUROPE, EASTERN
942 ## - ADDED ENTRY ELEMENTS (KOHA)
Source of classification or shelving scheme
Koha item type INTERNATIONAL PUBLICATIONS
Holdings
Withdrawn status Lost status Source of classification or shelving scheme Damaged status Not for loan Permanent Location Current Location Shelving location Date acquired Total Checkouts Full call number Barcode Date last seen Price effective from Koha item type
          CBU-MAIN LIBRARY, KITWE. CBU-MAIN LIBRARY, KITWE.   11/30/2022   UN-ECE(02) B664 11/30/2022 11/30/2022 MONOGRAPH